1469 1508 1789 1012 1582 1691 1702 1895 1962 1832 1770 1996 1071 1042 1424 1593 1465 1087 1052 1834 1170 1599 1693 1811 1278 1918 1912 1454 1066 1106 1600 1384 1800 1319 1571 1486 1679 1613 1579 1026 1067 1905 1857 1961 1857 1413 1767 1522 1269 1418 1995 1582 1990 1043 1619 1425 1014 1665 1690 1794 1693 1002 1005 1026 1365 1115 1348 1031 1892 1906 1145 1196 1662 1031 1487 1898 1032 1640 1423 1312 1110 1146 1124 1796 1252 1526 1032 1559 1585 1045 1415 1252 1843 1485 1559 1053 1225 1127 1377 BCNSPRNW ULIB Ver.6.0+V

เปลี่ยนเป็นภาษาไทย

Change to English
 แสดงรายละเอียดบรรณานุกรม
  กลับหน้าหลัก

Brief Record : Get Marc (ISO 2709) : E-mail record : QR code < ปิดหน้าต่าง
LEADER : 00000nam 2200000uu 4500
001    13399124252
003     ULIB
008    150215s2557||||th 000 0 tha d
020    ^a9789742935405
060  4 ^aWY 18 ^bม121ร
100 0  มนฑาทิพย์ ไชยศักดิ์.
245 00 ^aระเบียบวิธีการสอนการพยาบาลในคลินิก /^cมนฑาทิพย์ ไชยศักดิ์.
250    ^aพิมพ์ครั้งที่ 2.
260    ^aนนทบุรี:^bโครงการสวัสดิการวิชาการ สถาบันพระบรมราชชนก,^c2557.
300    ^a110 หน้า
650  7 ^aการพยาบาล^xการสอน.
650  7 ^aการพยาบาล
710 1  ครงการสวัสดิการวิชาการ สถาบันพระบรมราชชนก
945    ^p110^l0^i039121
945    ^p110^l0^i039122
945    ^p110^l0^i039123
945    ^p110^l0^i039124
945    ^p110^l0^i039125
945    ^p110^l0^i039126
945    ^p110^l0^i039127
999    ^aทศพร
รายการนี้ยังไม่มีแท็ก
คุณยังไม่ได้ล็อกอิน คุณสามารถมีกิจกรรมร่วมกับเว็บไซต์ได้ แต่ต้องล็อกอินก่อน ::
  ล็อกอิน

รายการสื่อสารสนเทศ

ลำดับที่ ประเภท เลขเรียก/บาร์โค้ด สถานที่ สถานะ
1. Book การพยาบาล
Book การพยาบาล
สถานะ=หนังสือเก่า
WY 18 ม121ร ฉ.1 
  Barcode: 039121
ห้องสมุดวิทยาเขตสวรรค์ประชารักษ์
►ส่วนจัดเก็บหนังสือเก่า สปร
บนชั้น
  ขอยืม
2. Book การพยาบาล
Book การพยาบาล
สถานะ=หนังสือเก่า
WY 18 ม121ร ฉ.2 
  Barcode: 039122
ห้องสมุดวิทยาเขตสวรรค์ประชารักษ์
►ส่วนจัดเก็บหนังสือเก่า สปร
บนชั้น
  ขอยืม
3. Book การพยาบาล
Book การพยาบาล
สถานะ=หนังสือเก่า
WY 18 ม121ร ฉ.3 
  Barcode: 039123
ห้องสมุดวิทยาเขตสวรรค์ประชารักษ์
►ส่วนจัดเก็บหนังสือเก่า สปร
บนชั้น
  ขอยืม
4. Book การพยาบาล
Book การพยาบาล
สถานะ=หนังสือเก่า
WY 18 ม121ร ฉ.4 
  Barcode: 039124
ห้องสมุดวิทยาเขตสวรรค์ประชารักษ์
►ส่วนจัดเก็บหนังสือเก่า สปร
บนชั้น
  ขอยืม
5. Book การพยาบาล
Book การพยาบาล
สถานะ=หนังสือเก่า
WY 18 ม121ร ฉ.5 
  Barcode: 039125
ห้องสมุดวิทยาเขตสวรรค์ประชารักษ์
►ส่วนจัดเก็บหนังสือเก่า สปร
บนชั้น
  ขอยืม
6. Book การพยาบาล
Book การพยาบาล
สถานะ=หนังสือเก่า
WY 18 ม121ร ฉ.6 
  Barcode: 039126
ห้องสมุดวิทยาเขตสวรรค์ประชารักษ์
►ส่วนจัดเก็บหนังสือเก่า สปร
บนชั้น
  ขอยืม
7. Book การพยาบาล
Book การพยาบาล
สถานะ=หนังสือเก่า
WY 18 ม121ร ฉ.7 
  Barcode: 039127
ห้องสมุดวิทยาเขตสวรรค์ประชารักษ์
►ส่วนจัดเก็บหนังสือเก่า สปร
บนชั้น
  ขอยืม

รายการใกล้เคียง
    ผู้แต่ง [มนฑาทิพย์ ไชยศักดิ์.]

    หัวเรื่อง [การพยาบาล]

BibComment


ยังไม่เคยถูกคอมเมนท์

คอมเมนท์ทรัพยากรรายการนี้
  คอมเมนท์: ระเบียบวิธีการสอ..


 Copyright 2026. Bcnsprnw @Library